|
|
|
|
| LEADER |
01153nam a2200277 a 4500 |
| 001 |
1213268 |
| 008 |
090517s2000 njua 001 0 eng d |
| 010 |
|
|
|a 99023645
|
| 020 |
|
|
|a 0130155373
|
| 040 |
|
|
|a DLC
|c DLC
|d DLC
|d BD-DhAAL
|
| 082 |
0 |
0 |
|a 621.319/2
|2 21
|
| 100 |
1 |
|
|a Boylestad, Robert L.
|9 827
|
| 245 |
1 |
0 |
|a Introductory circuit analysis /
|c Robert L. Boylestad.
|
| 250 |
|
|
|a 9th ed.
|
| 260 |
|
|
|a Upper Saddle River, N.J. :
|b Prentice Hall,
|c c2000.
|
| 300 |
|
|
|a xvi, 1200 p. :
|b ill. ;
|c 29 cm.
|
| 504 |
|
|
|a Includes index.
|
| 541 |
1 |
|
|e 00012643
|
| 630 |
0 |
0 |
|a PSpice.
|9 828
|
| 650 |
|
0 |
|a Electric circuits
|
| 650 |
|
0 |
|a Electric circuit analysis
|x Data processing
|
| 852 |
1 |
|
|a Ayesha Abed Library
|c General Shelf
|
| 942 |
0 |
0 |
|0 1
|
| 999 |
|
|
|c 12421
|d 12421
|
| 952 |
|
|
|0 0
|1 0
|2 ddc
|4 0
|6 621_319200000000000_BOY
|7 0
|9 20560
|a BRACUL
|b BRACUL
|c GEN
|d 2009-05-17
|g 0.00
|l 27
|m 196
|o 621.3192 BOY
|p 3010012643
|r 2023-09-05
|s 2023-06-07
|t 1
|w 2012-06-25
|y BK
|x No price found in the accession register.
|
| 952 |
|
|
|0 0
|1 0
|2 ddc
|4 0
|6 621_319200000000000_BOY
|7 0
|9 20561
|a BRACUL
|b BRACUL
|c GEN
|d 2012-04-18
|l 34
|m 326
|o 621.3192 BOY
|p 3010010724
|r 2025-11-05
|s 2025-11-05
|t 2
|w 2012-06-25
|y BK
|